Understanding small microcontrollers / (Record no. 176237)
[ view plain ]
| 000 -LEADER | |
|---|---|
| fixed length control field | 00968 a2200217 4500 |
| 003 - CONTROL NUMBER IDENTIFIER | |
| control field | Nust |
| 005 - DATE AND TIME OF LATEST TRANSACTION | |
| control field | 20220726105127.0 |
| 010 ## - LIBRARY OF CONGRESS CONTROL NUMBER | |
| LC control number | 93001156 |
| 020 ## - INTERNATIONAL STANDARD BOOK NUMBER | |
| International Standard Book Number | 0130891290 |
| 040 ## - CATALOGING SOURCE | |
| Transcribing agency | Nust |
| 082 00 - DEWEY DECIMAL CLASSIFICATION NUMBER | |
| Classification number | 004.165,SIB |
| 100 1# - MAIN ENTRY--PERSONAL NAME | |
| Personal name | Sibigtroth, James M. |
| 9 (RLIN) | 36647 |
| 245 10 - TITLE STATEMENT | |
| Title | Understanding small microcontrollers / |
| Statement of responsibility, etc. | James M. Sibigtroth. |
| 260 ## - PUBLICATION, DISTRIBUTION, ETC. | |
| Place of publication, distribution, etc. | Englewood Cliffs, N.J. : |
| Name of publisher, distributor, etc. | PTR Prentice Hall, |
| Date of publication, distribution, etc. | c1993. |
| 300 ## - PHYSICAL DESCRIPTION | |
| Extent | 1 v. (various pagings) : |
| Other physical details | ill. ; |
| Dimensions | 23 cm. |
| 440 #0 - SERIES STATEMENT/ADDED ENTRY--TITLE | |
| Title | Motorola series in solid-state electronics |
| 9 (RLIN) | 95143 |
| 505 ## - FORMATTED CONTENTS NOTE | |
| Formatted contents note | What is a Microcontroller? (Page-1-1), Computers and Codes (Page-2-1), Basic Logic Elements (Page-3-1), Computers Memory and Parallel I/O (Page-4-1), Computer Architecture (Page-5-1), M68HC05 Instruction Set (Page-6-1), Programming (Page-7-1),The Paced Loops (Page-8-1), On Chip Peripheral systems (Page-9-1). |
| 650 #0 - SUBJECT ADDED ENTRY--TOPICAL TERM | |
| Topical term or geographic name entry element | Microcontrollers. |
| 9 (RLIN) | 18076 |
| 650 #0 - SUBJECT ADDED ENTRY--TOPICAL TERM | |
| Topical term or geographic name entry element | Programmable controllers. |
| 942 ## - ADDED ENTRY ELEMENTS (KOHA) | |
| Source of classification or shelving scheme | |
| Koha item type | Book |
| Call number prefix | 004.165,SIB |
| Withdrawn status | Lost status | Source of classification or shelving scheme | Damaged status | Not for loan | Permanent Location | Current Location | Shelving location | Date acquired | Full call number | Barcode | Date last seen | Price effective from | Koha item type | Public note |
|---|---|---|---|---|---|---|---|---|---|---|---|---|---|---|
| Military College of Signals (MCS) | Military College of Signals (MCS) | General Stacks | 12/12/2016 | 004.165,SIB | MCS1945 | 12/08/2016 | 12/12/2016 | Book | Almirah No. 2, Shelf No.2 |
